[Event "Aurangabad MyBrain op 1st"]
[Site "Aurangabad"]
[Date "2018.04.28"]
[Round "1"]
[White "Kale, Shriram"]
[Black "Karthikeyan, Pandian"]
[Result "0-1"]
[WhiteElo "1076"]
[BlackElo "2387"]
[PlyCount "64"]
[EventDate "2018.04.28"]
[EventType "swiss (rapid)"]
[EventRounds "9"]
[EventCountry "IND"]
[SourceTitle "CBM 184 Extra"]
[Source "ChessBase"]
[SourceDate "2018.06.28"]
[SourceVersion "1"]
[SourceVersionDate "2018.06.28"]
[SourceQuality "1"]

1. d4 Nf6 2. c4 g6 3. Nc3 d5 4. cxd5 Nxd5 5. e4 Nxc3 6. bxc3 Bg7 7. Nf3 0-0 8. Bd3 c5 9. Be3 Nc6 10. Be2 Bg4 11. e5 Qa5 12. Qd2 Rfd8 13. Rd1 Bxf3 14. Bxf3 Nxe5 15. Qe2 cxd4 16. Bxd4 Rxd4 17. 0-0 Nxf3+ 18. Qxf3 Rxd1 19. Rxd1 Rd8 20. g3 Rxd1+ 21. Qxd1 Bxc3 22. Kg2 e5 23. Qd7 Bd4 24. Qxb7 Qxa2 25. Qf3 a5 26. Kh3 Qxf2 27. Qxf2 Bxf2 28. Kg2 Bd4 29. Kf3 a4 30. Ke2 a3 31. Kd2 a2 32. Kc2 a1Q 0-1